Into the deep : (Record no. 8351)

MARC details
000 -LEADER
fixed length control field 01875cam a2200433 a 4500
001 - CONTROL NUMBER
control field 8351
003 - CONTROL NUMBER IDENTIFIER
control field FISKH
005 - DATE AND TIME OF LATEST TRANSACTION
control field 20250910084603.0
008 - FIXED-LENGTH DATA ELEMENTS--GENERAL INFORMATION
fixed length control field 080610s2009 maua j b 000 0beng
010 ## - LIBRARY OF CONGRESS CONTROL NUMBER
LC control number 2008025341
020 ## - INTERNATIONAL STANDARD BOOK NUMBER
International Standard Book Number 9781580893411 (reinforced) :
020 ## - INTERNATIONAL STANDARD BOOK NUMBER
International Standard Book Number 9781580893428
020 ## - INTERNATIONAL STANDARD BOOK NUMBER
International Standard Book Number 1580893414 (reinforced) :
040 ## - CATALOGING SOURCE
Original cataloging agency DLC
Transcribing agency DLC
Language of cataloging eng
050 ## - LIBRARY OF CONGRESS CALL NUMBER
Classification number QL31.B37 S44
082 ## - DEWEY DECIMAL CLASSIFICATION NUMBER
Classification number 508.092
100 1# - MAIN ENTRY--PERSONAL NAME
Personal name Sheldon, David
Fuller form of name (David Quentin)
245 10 - TITLE STATEMENT
Title Into the deep :
Remainder of title the life of naturalist and explorer William Beebe /
Statement of responsibility, etc. David Sheldon.
260 ## - PUBLICATION, DISTRIBUTION, ETC.
Place of publication, distribution, etc. Watertown :
Name of publisher, distributor, etc. Charlesbridge,
Date of publication, distribution, etc. 2009.
300 ## - PHYSICAL DESCRIPTION
Extent 38 unnumbered pages :
Other physical details color illustrations ;
Dimensions 28 cm
336 ## - CONTENT TYPE
Content type term text
Content type code txt
Source rdacontent
337 ## - MEDIA TYPE
Media type term unmediated
Media type code n
Source rdamedia
338 ## - CARRIER TYPE
Carrier type term volume
Carrier type code nc
Source rdacarrier
504 ## - BIBLIOGRAPHY, ETC. NOTE
Bibliography, etc. note Includes bibliographical references.
520 ## - SUMMARY, ETC.
Summary, etc. When William Beebe was born in 1877, scientists had only begun to explore the natural world, a world that fascinated Beebe even as a child. He studied migratory birds, rain forest canopies, and ocean depths. Beebe was a pioneer of ecology, observing wildlife in their natural habitats.
586 8# - AWARDS NOTE
Awards note A Junior Library Guild selection
600 10 - SUBJECT ADDED ENTRY--PERSONAL NAME
Personal name Beebe, William,
Dates associated with a name 1877-1962
Form subdivision Juvenile literature.
600 11 - SUBJECT ADDED ENTRY--PERSONAL NAME
Personal name Beebe, William,
Dates associated with a name 1877-1962.
650 #0 - SUBJECT ADDED ENTRY--TOPICAL TERM
Topical term or geographic name entry element Zoologists
Form subdivision Biography
-- Juvenile literature.
650 #0 - SUBJECT ADDED ENTRY--TOPICAL TERM
Topical term or geographic name entry element Explorers
Form subdivision Biography
-- Juvenile literature.
650 #1 - SUBJECT ADDED ENTRY--TOPICAL TERM
Topical term or geographic name entry element Zoologists
Form subdivision Biography.
650 #1 - SUBJECT ADDED ENTRY--TOPICAL TERM
Topical term or geographic name entry element Explorers
Form subdivision Biography.
655 #7 - INDEX TERM--GENRE/FORM
Genre/form data or focus term Literature.
Source of term lcgft
Authority record control number or standard number https://id.loc.gov/authorities/genreForms/gf2014026415
655 #7 - INDEX TERM--GENRE/FORM
Genre/form data or focus term Biographies.
Source of term lcgft
Authority record control number or standard number https://id.loc.gov/authorities/genreForms/gf2014026049
655 #7 - INDEX TERM--GENRE/FORM
Genre/form data or focus term Biographies.
Source of term lcgft
Authority record control number or standard number https://id.loc.gov/authorities/genreForms/gf2014026049
906 ## - LOCAL DATA ELEMENT F, LDF (RLIN)
a 7
b cbc
c orignew
d 1
e ecip
f 20
g y-gencatlg
942 ## - ADDED ENTRY ELEMENTS (KOHA)
Source of classification or shelving scheme Dewey Decimal Classification
Koha item type Books
Suppress in OPAC No
Holdings
Withdrawn status Lost status Source of classification or shelving scheme Damaged status Not for loan Collection Home library Current library Shelving location Date acquired Total Checkouts Full call number Barcode Date last seen Copy number Price effective from Koha item type
    Dewey Decimal Classification     Non-Fiction Footprints International School Library Network Toul Tom Poung Campus Footprints International School Library Network Toul Tom Poung Campus TTP Secondary Non-Fiction Bookshelves 09/10/2025   SHE 508.092 QL31.B37 S44 FIS02744 09/10/2025 1 09/10/2025 Books